000 00310nam a22001337a 4500
008 171031b xxu||||| |||| 00| 0 eng d
020 _a9780028146362
041 _aeng
080 _a330.113
100 _a58
101 _aBUS
245 _aUNDERSTANDING BUSINESS AND PERSONAL LAW
_cGLENCOE
942 _2udc
_cBK
999 _c36731
_d36731